Beliebteste Automarken nach Besitz in Deutschland - Statistiken

Allgemein
  • Dieses Quiz wurde 716 mal gespielt
  • Das Durchschnittsergebnis liegt bei 11 aus 15
Antwortstatistiken
Hint Antwort % Korrekt
15,7% Volkswagen
99%
5,3% Mercedes-Benz
98%
4,5% BMW
97%
4,3% Audi
96%
6,5% Opel
88%
4,8% Ford
81%
3,5% Skoda
76%
2,6% Renault
75%
1,8% Toyota
75%
1,6% Seat
68%
1,6% Hyundai
66%
1,5% Fiat
64%
1,1% Peugeot
60%
1,1% Nissan
49%
1% Mazda
42%
Keine übereinstimmenden Quizze gefunden
Verteilung der Resultate
Anzahl Personen mit jedem Resultat
Perzentil nach korrekt beantworteten Fragen
Ihre Resultats-Entwicklung
Sie haben dieses Quiz noch nicht gespielt